[Event "International Tournament "]
[Site "Paracin, Hotel "]
[Date "2017.07.08"]
[Round "3.50"]
[White "Paradzik, Berislav"]
[Black "Budimir, Boris"]
[Result "1/2-1/2"]
[WhiteElo "2066"]
[BlackElo "2233"]
[PlyCount "41"]
[EventDate "2017.07.07"]

1. c4 Nf6 2. g3 e6 3. Bg2 d5 4. Nf3 Be7 5. O-O O-O 6. d4 c6 7. Qc2 Nbd7 8. Nbd2
Re8 9. b3 Qc7 10. Bb2 b6 11. e4 Nxe4 12. Nxe4 dxe4 13. Qxe4 Bb7 14. Ne5 Nxe5
15. dxe5 Rad8 16. Rad1 Ba8 17. Qe2 c5 18. Bxa8 Rxa8 19. Rd3 Rad8 20. Rfd1 Rxd3
21. Rxd3 1/2-1/2